Cercle de Comparació Intermunicipal de fires locals : resultats resultats
Publicado:
Barcelona :
Diputació de Barcelona. Oficina de Mercats i Fires Locals ; Diputació de Barcelona. Servei de Programació ,
2010
Descripción Física:
2 volums. : il·lustracions en color, quadres, taules ; 29 cm
Materias:
Fires -- Barcelona (Catalunya : Província)
; Fires -- Barcelona (Província) -- Estadístiques
Idioma:
Catalán
MARC
| LEADER | 00000nam a2200000Ia 4500 | ||
|---|---|---|---|
| 001 | 23791 | ||
| 003 | Arxiu | ||
| 005 | 20260324181055.0 | ||
| 008 | 160829m20102012spc xx s s cat c | ||
| 040 | |a AGDB | ||
| 080 | |a Bib-42 | ||
| 080 | |a Bib-718 | ||
| 245 | 0 | 0 | |a Cercle de Comparació Intermunicipal de fires locals : |b resultats |
| 260 | |a Barcelona : |b Diputació de Barcelona. Oficina de Mercats i Fires Locals ; |b Diputació de Barcelona. Servei de Programació, |c 2010-2012 | ||
| 300 | |a 2 volums. : |b il·lustracions en color, quadres, taules ; |c 29 cm | ||
| 310 | |a Anual | ||
| 650 | 0 | |a Fires |x Barcelona (Catalunya : Província) |9 38336 | |
| 650 | 0 | |9 53636 |a Fires |z Barcelona (Província) |v Estadístiques | |
| 710 | 1 | |a Barcelona (Catalunya : Província). |b Oficina de Mercats i Fires Locals |9 53630 |e entitat productora | |
| 710 | |a Barcelona (Catalunya : Província). |b Servei de Programació |9 53631 |e entitat editora | ||
| 866 | |a 2009 | ||
| 866 | |a 2011 | ||
| 901 | |a Arxiu | ||
| 942 | |n 1 |2 udc |c ARXIU | ||
| 952 | |0 0 |1 0 |4 0 |6 BIB42 |7 1 |9 55217 |a Arxiu |b Arxiu |d 2023-04-03 |h 2009 (2a edició) |o Bib-42 |p 23791 |r 2016-12-01 00:00:00 |w 2016-12-01 |y ARXIU | ||
| 952 | |0 0 |1 0 |2 udc |4 0 |6 BIB718 |7 0 |9 62559 |a Arxiu |b Arxiu |d 2022-06-28 |h 2011 (4a edició) |o Bib-718 |p 26078 |r 2022-06-28 00:00:00 |w 2022-06-28 |y ARXIU | ||
| 999 | |c 59089 |d 59089 | ||